Diverzifikácia exportu krajín Vyšehradskej štvorky bakalárska práca

Na minha lista:
Detalhes bibliográficos
Autor principal: Körösiová, Timea
Autor Corporativo: Obchodná fakulta EU. Katedra medzinárodného obchodu
Outros Autores: Hrubšová, Andrea, 1999-
Formato: Livro
Idioma:eslovaco
Publicado em: Bratislava 2024
Tags: Adicionar Tag
Sem tags, seja o primeiro a adicionar uma tag!

MARC

LEADER 00000nbm a2200000 4500
001 0302313
005 20250801154852.1
041 0 |a slo 
044 |a SK 
245 1 0 |a Diverzifikácia exportu krajín Vyšehradskej štvorky  |b bakalárska práca  |c Timea Körösiová ; školiteľ: Andrea Hrubšová 
264 1 |a Bratislava  |c 2024 
300 |a 52 s. 
100 1 |a Körösiová, Timea 
700 1 |a Hrubšová, Andrea, 1999- 
710 2 |a Obchodná fakulta EU. Katedra medzinárodného obchodu